[Event "SV Mülheim-Nord 2 - SVG Plettenberg 1"]
[Site "Oberliga NRW 2014/2015"]
[Date "2014.10.05"]
[Round "2.8"]
[White "Krueger, Andre"]
[Black "Kuhnen, Thomas"]
[Result "1/2-1/2"]
[WhiteElo "2100"]
[BlackElo "2056"]
[PlyCount "129"]
[EventDate "2014.??.??"]
[WhiteTeam "SV Mülheim-Nord 2"]
[BlackTeam "SVG Plettenberg 1"]

1. d4 d5 2. Nf3 e6 3. c4 dxc4 4. Qa4+ Nd7 5. Qxc4 Ngf6 6. Nc3 a6 7. Bg5 b5 8.
Qb3 Bb7 9. Rd1 b4 10. Na4 Bd6 11. e3 Bd5 12. Bc4 Qb8 13. Bxd5 exd5 14. O-O O-O
15. Rc1 Qb5 16. Bxf6 Nxf6 17. Nc5 Rfe8 18. Qc2 Ne4 19. Nd3 g6 20. Rfd1 Reb8 21.
Qc6 Ra7 22. Nfe5 f6 23. Qxb5 Rxb5 24. Nd7 Kf7 25. f3 Ke7 26. N7c5 Ng5 27. Rd2
Ne6 28. Nxe6 Kxe6 29. Rc6 Kd7 30. Rc1 a5 31. g3 Ra6 32. Kf2 Rc6 33. Rxc6 Kxc6
34. b3 Kd7 35. Rc2 c6 36. e4 dxe4 37. fxe4 Rb8 38. Ke3 Ra8 39. e5 fxe5 40.
Nxe5+ Bxe5 41. dxe5 a4 42. Rc4 axb3 43. axb3 Ra2 44. h4 Ke6 45. Rxc6+ Kxe5 46.
Rc5+ Kf6 47. Rb5 h5 48. Rxb4 Ra1 49. Rb5 Rd1 50. Ke4 Rg1 51. Rb6+ Kf7 52. Kf4
Kg7 53. b4 Rf1+ 54. Ke4 Rg1 55. Rb7+ Kf6 56. Kf4 Rf1+ 57. Ke3 Rg1 58. Kf2 Rb1
59. b5 Rb2+ 60. Kf3 Kf5 61. Rf7+ Ke6 62. Rg7 Kf5 63. Rf7+ Ke6 64. Rg7 Kf5 65.
Rf7+ 1/2-1/2

[Event "SF Lieme 1 - SV Wattenscheid 1"]
[Site "Oberliga NRW 2014/2015"]
[Date "2014.10.05"]
[Round "2.1"]
[White "Mladenov, Svetlin"]
[Black "Wittke, Rene"]
[Result "1-0"]
[WhiteElo "2439"]
[BlackElo "2180"]
[PlyCount "51"]
[EventDate "2014.??.??"]
[WhiteTeam "SV Wattenscheid 1"]
[BlackTeam "SF Lieme 1"]

1. e4 Nc6 2. Nf3 Nf6 3. e5 Nd5 4. d4 d6 5. c4 Nb6 6. exd6 exd6 7. h3 Bf5 8. Be2
Be7 9. O-O O-O 10. Nc3 Bf6 11. Bf4 Re8 12. a3 a5 13. Re1 a4 14. Rc1 Na5 15.
Nxa4 Naxc4 16. Rxc4 Nxc4 17. Bxc4 Rxe1+ 18. Nxe1 Qe8 19. Nc3 Bxd4 20. Qxd4
Qxe1+ 21. Kh2 Re8 22. Be3 Qa1 23. Nd5 Re4 24. Qa7 h6 25. Qb8+ Kh7 26. Nf6+ 1-0

[Event "SF Lieme 1 - SV Wattenscheid 1"]
[Site "Oberliga NRW 2014/2015"]
[Date "2014.10.05"]
[Round "2.2"]
[White "Schmitz, Philipp"]
[Black "Hopman, Pieter"]
[Result "1/2-1/2"]
[WhiteElo "2163"]
[BlackElo "2393"]
[Annotator "Hausrath,Daniel"]
[PlyCount "87"]
[EventDate "2014.??.??"]
[WhiteTeam "SF Lieme 1"]
[BlackTeam "SV Wattenscheid 1"]

1. e4 d6 2. d4 Nf6 3. Nc3 e5 4. Nf3 Nbd7 5. g3 Be7 6. Bg2 O-O 7. O-O c6 8. a4
Re8 9. b3 Qc7 10. Ba3 Nf8 11. h3 b6 12. Qd2 Ba6 13. Rfe1 Rad8 14. Rad1 Ne6 15.
d5 cxd5 16. Nxd5 Nxd5 17. exd5 Nc5 18. Bxc5 bxc5 19. Bf1 Bxf1 20. Kxf1 c4 21.
Re4 cxb3 22. cxb3 Rb8 23. Rb1 Rec8 24. Kg2 Qb7 25. b4 f5 26. Ree1 h6 27. Qa2
Rc3 28. Re3 Rcc8 29. Re2 $11 Bf6 30. Ne1 Rc3 31. Rc2 Rbc8 32. b5 e4 33. Rbc1 a6
34. Rxc3 Rxc3 35. Rxc3 Bxc3 36. bxa6 Qxa6 37. Nc2 f4 38. gxf4 Qe2 39. Qb3 Qf3+
40. Kg1 Qxh3 41. Ne3 Bd2 42. Qb8+ Kh7 43. Qe8 Qf3 44. f5 1/2-1/2

[Event "SF Lieme 1 - SV Wattenscheid 1"]
[Site "Oberliga NRW 2014/2015"]
[Date "2014.10.05"]
[Round "2.3"]
[White "Straeter, Timo"]
[Black "Essing, Arnold"]
[Result "1/2-1/2"]
[WhiteElo "2284"]
[BlackElo "2162"]
[PlyCount "95"]
[EventDate "2014.??.??"]
[WhiteTeam "SV Wattenscheid 1"]
[BlackTeam "SF Lieme 1"]

1. d4 d5 2. c4 e6 3. Nc3 c5 4. e3 Nf6 5. Nf3 Nc6 6. a3 cxd4 7. exd4 dxc4 8.
Bxc4 Be7 9. O-O O-O 10. Re1 b6 11. Ba2 Bb7 12. Qd3 Re8 13. Bf4 Nd5 14. Nxd5
exd5 15. Rad1 Qd7 16. Bb1 g6 17. Re3 Bf6 18. Rde1 Rxe3 19. Qxe3 Rc8 20. h4 h5
21. Bd3 Qg4 22. g3 Na5 23. Ne5 Qe6 24. Re2 Nc6 25. Kg2 Nxe5 26. Bxe5 Bxe5 27.
Qxe5 Qxe5 28. Rxe5 Kf8 29. Kf3 Rc1 30. Bb5 Rc2 31. Re2 Rxe2 32. Bxe2 f6 33. Kf4
Bc8 34. f3 Kg7 35. g4 Kh6 36. g5+ Kg7 37. Bb5 Kf7 38. Bc6 Be6 39. Ba4 Bf5 40.
Bb3 Be6 41. Bc2 Bd7 42. Bd3 Bc8 43. Ke3 Bh3 44. f4 Bd7 45. Kd2 f5 46. Kc3 a5
47. Kb3 Ke6 48. Kc3 1/2-1/2

[Event "SF Lieme 1 - SV Wattenscheid 1"]
[Site "Oberliga NRW 2014/2015"]
[Date "2014.10.05"]
[Round "2.4"]
[White "Himpenmacher, Andy"]
[Black "Kerigan, Demre"]
[Result "1/2-1/2"]
[WhiteElo "2101"]
[BlackElo "2353"]
[Annotator "Hausrath,Daniel"]
[PlyCount "150"]
[EventDate "2014.??.??"]
[WhiteTeam "SF Lieme 1"]
[BlackTeam "SV Wattenscheid 1"]

1. e4 d6 2. d4 Nf6 3. Nc3 c6 4. Nf3 Bg4 5. Be2 e6 6. O-O Be7 7. e5 dxe5 8. Nxe5
Bf5 9. Be3 Nbd7 10. Nxd7 Qxd7 11. Bd3 Bg6 12. Qe2 Qc7 13. h3 O-O-O 14. Rfd1 Bh5
15. f3 Bd6 16. Ne4 Bh2+ 17. Kh1 Nd5 18. Bd2 Nf4 19. Bxf4 Bxf4 20. c3 g5 21. b4
Bg6 22. Nc5 Qe7 23. b5 cxb5 24. Bxg6 hxg6 25. Qxb5 Rd6 26. Rab1 Rb6 27. Qa5 Bb8
28. Rxb6 Qc7 29. Rc6 Qxc6 30. Ne4 g4 31. d5 exd5 32. Qxd5 Qxd5 33. Rxd5 gxf3
34. Kg1 fxg2 35. Kxg2 Rd8 36. Rc5+ Kd7 37. Ng5 Ke7 38. Nf3 Rd3 39. Kf2 Bd6 40.
Rc4 f5 41. Ke2 Rd5 42. Rh4 Kf6 43. Rh7 Rb5 44. Kd3 Rb2 45. a4 Bf4 46. Rh4 Bg3
47. Rh7 a6 48. h4 Bf4 49. h5 g5 50. Rh6+ Kf7 51. Rh7+ Kg8 52. Re7 b5 53. axb5
axb5 54. Re2 Rb1 55. Nd4 $11 Rd1+ 56. Kc2 Rc1+ 57. Kd3 Rd1+ 58. Kc2 Rh1 59.
Nxf5 Rxh5 60. Rg2 Be5 61. Re2 Bf4 62. Rg2 Kf7 63. Nd4 Be5 64. Nxb5 Ke6 65. Kd3
Rh3+ 66. Ke4 Rh4+ 67. Ke3 Kf5 68. Nd4+ Bxd4+ 69. cxd4 Rh3+ 70. Kf2 Rd3 71. Rg3
Rxd4 72. Kg2 Rd2+ 73. Kh3 Rd4 74. Rf3+ Rf4 75. Kg3 Rxf3+ 1/2-1/2

[Event "SF Lieme 1 - SV Wattenscheid 1"]
[Site "Oberliga NRW 2014/2015"]
[Date "2014.10.05"]
[Round "2.5"]
[White "Thiel, Thomas"]
[Black "Schaffarczyk, Andre"]
[Result "1/2-1/2"]
[WhiteElo "2320"]
[BlackElo "2061"]
[PlyCount "56"]
[EventDate "2014.??.??"]
[WhiteTeam "SV Wattenscheid 1"]
[BlackTeam "SF Lieme 1"]

1. e4 c5 2. Nc3 Nc6 3. Bb5 Nd4 4. Bc4 e6 5. Nge2 Nf6 6. O-O a6 7. d3 b5 8. Bb3
Nxb3 9. axb3 Bb7 10. f4 d5 11. e5 d4 12. exf6 dxc3 13. f5 gxf6 14. fxe6 fxe6
15. bxc3 Rg8 16. Nf4 Qd7 17. Qh5+ Qf7 18. g3 Be7 19. c4 e5 20. Qxf7+ Kxf7 21.
Nd5 Bxd5 22. cxd5 b4 23. Ra5 Bd8 24. Ra1 Ke7 25. Be3 Kd6 26. c4 bxc3 27. Rfc1
Kxd5 28. Rxc3 Bb6 1/2-1/2

[Event "SF Lieme 1 - SV Wattenscheid 1"]
[Site "Oberliga NRW 2014/2015"]
[Date "2014.10.05"]
[Round "2.6"]
[White "Eckardt, Joshua"]
[Black "Hirsch, Stefan"]
[Result "1/2-1/2"]
[WhiteElo "2060"]
[BlackElo "2226"]
[PlyCount "64"]
[EventDate "2014.??.??"]
[WhiteTeam "SF Lieme 1"]
[BlackTeam "SV Wattenscheid 1"]

1. Nf3 Nf6 2. c4 g6 3. Nc3 Bg7 4. d4 d6 5. g3 O-O 6. Bg2 Nbd7 7. O-O e5 8. e4
exd4 9. Nxd4 a6 10. Rb1 Rb8 11. h3 Re8 12. Re1 Ne5 13. b3 Nfd7 14. Be3 Nc5 15.
Re2 Bd7 16. Qc2 Ne6 17. Nxe6 Bxe6 18. Rd1 Qc8 19. Kh2 Nc6 20. Nd5 a5 21. Qd2
Ra8 22. Bg5 Bxd5 23. cxd5 Nb4 24. a3 Na6 25. Qxa5 Nc5 26. Qb4 Ra6 27. Be3 Rb6
28. Qc4 Rxb3 29. Rc1 b5 30. Qc2 Rxa3 31. Bxc5 Rc3 32. Qb1 Rxc5 1/2-1/2

[Event "SF Lieme 1 - SV Wattenscheid 1"]
[Site "Oberliga NRW 2014/2015"]
[Date "2014.10.05"]
[Round "2.7"]
[White "De Ruiter, Danny"]
[Black "Stork, Holger"]
[Result "1-0"]
[WhiteElo "2242"]
[BlackElo "2050"]
[PlyCount "59"]
[EventDate "2014.??.??"]
[WhiteTeam "SV Wattenscheid 1"]
[BlackTeam "SF Lieme 1"]

1. d4 Nf6 2. c4 e6 3. g3 d5 4. Nf3 Bb4+ 5. Bd2 Be7 6. Bg2 c6 7. O-O Nbd7 8. Qc2
b6 9. Bf4 Ba6 10. Nbd2 O-O 11. Rfd1 Nh5 12. Ne5 Nxe5 13. Bxe5 f6 14. Bf4 Nxf4
15. gxf4 f5 16. b3 Bd6 17. e3 Rc8 18. Nf3 Qe7 19. a4 Bb7 20. a5 c5 21. axb6
axb6 22. dxc5 Rxc5 23. Nd4 Rf6 24. Bf3 Rh6 25. Qd2 Rg6+ 26. Kf1 Rh6 27. cxd5
Rxh2 28. dxe6 Bb8 29. Nc6 Bxc6 30. Qd8+ 1-0

[Event "SF Lieme 1 - SV Wattenscheid 1"]
[Site "Oberliga NRW 2014/2015"]
[Date "2014.10.05"]
[Round "2.8"]
[White "Stukenbrok, Nils"]
[Black "Schroeder, Wilfried"]
[Result "1/2-1/2"]
[WhiteElo "1991"]
[BlackElo "2116"]
[PlyCount "87"]
[EventDate "2014.??.??"]
[WhiteTeam "SF Lieme 1"]
[BlackTeam "SV Wattenscheid 1"]

1. d4 d5 2. c4 e6 3. Nc3 c6 4. e3 Bd6 5. Nf3 f5 6. Bd3 Nf6 7. O-O O-O 8. Qc2
Nbd7 9. cxd5 cxd5 10. b3 a6 11. a4 Qe7 12. Qa2 Ne4 13. Ne2 b6 14. Ba3 Bb7 15.
Bxd6 Qxd6 16. Qa3 Qxa3 17. Rxa3 h6 18. a5 b5 19. h4 Rac8 20. Raa1 Rc7 21. Rfc1
Rfc8 22. Rxc7 Rxc7 23. Rc1 Rxc1+ 24. Nxc1 Kf7 25. Bc2 Ke7 26. Nd3 Kd6 27. Kf1
Nb8 28. Nfe5 Nc6 29. f3 Nf6 30. Nc5 Bc8 31. Nxc6 Kxc6 32. Ke2 e5 33. dxe5 Kxc5
34. exf6 gxf6 35. Kd3 Bd7 36. g3 Be6 37. Kc3 b4+ 38. Kd3 Bd7 39. Bd1 Be6 40.
Bc2 Bd7 41. Kd2 Kb5 42. Kd3 Kc5 43. Bd1 Be6 44. Bc2 1/2-1/2

[Event "PSV Duisburg 1 - Düsseldorfer SK 1"]
[Site "Oberliga NRW 2014/2015"]
[Date "2014.10.05"]
[Round "2.2"]
[White "Schiffer, Kai-Uwe"]
[Black "Plukkel, Sjoerd"]
[Result "1-0"]
[WhiteElo "2234"]
[BlackElo "2298"]
[PlyCount "73"]
[EventDate "2014.??.??"]
[WhiteTeam "PSV Duisburg 1"]
[BlackTeam "Düsseldorfer SK 1"]

1. e4 c5 2. Nf3 Nc6 3. Nc3 d6 4. d4 cxd4 5. Nxd4 Nf6 6. Bg5 e6 7. Qd2 Be7 8.
O-O-O O-O 9. h4 Nxd4 10. Qxd4 Qa5 11. Kb1 Bd7 12. Qd2 Kh8 13. f3 b5 14. g4 Rab8
15. Be3 b4 16. Ne2 e5 17. h5 Be6 18. Nc1 Rfd8 19. g5 Ng8 20. Bh3 d5 21. Qh2 d4
22. Bd2 d3 23. cxd3 Rb6 24. Bxe6 fxe6 25. Be3 Ra6 26. Qc2 Qb5 27. Qc4 Qb7 28.
h6 g6 29. d4 Rc8 30. Qb3 Ra3 31. bxa3 Rc3 32. Qb2 Rxe3 33. d5 Bxg5 34. Qxb4 Qd7
35. Qf8 Rc3 36. dxe6 Qb7+ 37. Ka1 1-0

[Event "PSV Duisburg 1 - Düsseldorfer SK 1"]
[Site "Oberliga NRW 2014/2015"]
[Date "2014.10.05"]
[Round "2.3"]
[White "van Assendelft, Floris"]
[Black "Wengenroth, Walter"]
[Result "1/2-1/2"]
[WhiteElo "2300"]
[BlackElo "2212"]
[Annotator "Hausrath,Daniel"]
[PlyCount "86"]
[EventDate "2014.??.??"]
[WhiteTeam "Düsseldorfer SK 1"]
[BlackTeam "PSV Duisburg 1"]

1. e4 c5 2. Nf3 e6 3. d4 cxd4 4. Nxd4 Nf6 5. Nc3 d6 6. f4 Be7 7. Be3 O-O 8. Qf3
e5 9. fxe5 dxe5 10. Nf5 Bxf5 11. Qxf5 Nc6 12. Bd3 Qa5 13. O-O Bc5 14. Qh3 Ng4
$11 15. Qxg4 Bxe3+ 16. Kh1 Nb4 17. a3 Nxd3 18. cxd3 Rad8 19. b4 Qa6 20. Nd5 Bf4
21. g3 Qxd3 22. Nf6+ Kh8 23. Rad1 Qa6 24. Nd7 Qc6 25. gxf4 f5 26. Nxe5 fxg4 27.
Nxc6 bxc6 28. Kg2 Rde8 29. Rd4 h5 30. Kg3 g5 31. e5 Rxe5 32. fxe5 Rxf1 33. Rd6
Rf3+ 34. Kg2 Rxa3 35. Rh6+ Kg7 36. Rxh5 Kg6 37. Rh8 Kf5 38. Rc8 Ra6 39. Kg3 Rb6
40. e6 Kxe6 41. Kxg4 Rxb4+ 42. Kxg5 Kd5 43. h4 Rb1 1/2-1/2

[Event "PSV Duisburg 1 - Düsseldorfer SK 1"]
[Site "Oberliga NRW 2014/2015"]
[Date "2014.10.05"]
[Round "2.4"]
[White "Maslak, Sulejman"]
[Black "Balster, Stefan"]
[Result "1/2-1/2"]
[WhiteElo "2273"]
[BlackElo "2230"]
[PlyCount "132"]
[EventDate "2014.??.??"]
[WhiteTeam "PSV Duisburg 1"]
[BlackTeam "Düsseldorfer SK 1"]

1. c4 c5 2. Nc3 Nc6 3. g3 g6 4. Bg2 Bg7 5. e3 e6 6. Nge2 Nge7 7. O-O O-O 8. Na4
b6 9. d4 cxd4 10. Nxd4 Ba6 11. b3 Nxd4 12. exd4 d5 13. Ba3 Rc8 14. c5 Bxf1 15.
Bxf1 bxc5 16. Bxc5 Rxc5 17. dxc5 Bxa1 18. Qxa1 Qa5 19. a3 Rc8 20. Qd1 Rxc5 21.
b4 Rc1 22. Qxc1 Qxa4 23. g4 Qc6 24. Qe3 Qc7 25. a4 e5 26. a5 d4 27. Qe4 Nc6 28.
Qe1 Qd6 29. b5 Nb4 30. b6 axb6 31. a6 Nc6 32. Qe4 f5 33. gxf5 gxf5 34. Qxf5
Qg6+ 35. Qxg6+ hxg6 36. Bd3 Kf7 37. Kg2 Na7 38. Kf3 Kf6 39. Ke4 Ke6 40. f4 exf4
41. Kxf4 Kf6 42. Ke4 Nc6 43. Bb5 Na7 44. Be8 g5 45. Kxd4 Ke6 46. Ke4 Nc8 47.
Ba4 Nd6+ 48. Kf3 Nc8 49. Kg4 Kf6 50. Bd7 Na7 51. Kh5 Ke7 52. Bf5 Kf6 53. Bb1
Nc8 54. Kh6 Na7 55. Kh7 b5 56. Kg8 b4 57. Ba2 g4 58. Kf8 Kg5 59. Ke7 Kh4 60.
Kd7 Kh3 61. Be6 b3 62. Bxb3 Kxh2 63. Kc7 g3 64. Bd5 g2 65. Bxg2 Kxg2 66. Kb7
Nb5 1/2-1/2

[Event "PSV Duisburg 1 - Düsseldorfer SK 1"]
[Site "Oberliga NRW 2014/2015"]
[Date "2014.10.05"]
[Round "2.5"]
[White "Duijker, Rick"]
[Black "Heisel, Guido"]
[Result "1-0"]
[WhiteElo "2261"]
[BlackElo "2091"]
[Annotator "Hausrath,Daniel"]
[PlyCount "55"]
[EventDate "2014.??.??"]
[WhiteTeam "Düsseldorfer SK 1"]
[BlackTeam "PSV Duisburg 1"]

1. d4 d5 2. Bg5 f6 3. Bf4 Nc6 4. Nf3 e6 5. e3 Bd6 6. Bg3 Nge7 7. c4 Bxg3 8.
hxg3 e5 9. cxd5 Qxd5 10. Nc3 Qa5 11. d5 e4 12. dxc6 exf3 13. Qxf3 bxc6 14. Bd3
Rb8 15. O-O-O Be6 16. Bxh7 Bxa2 17. Qg4 Rxh7 18. Rxh7 Bf7 19. Rh8+ Ng8 20. Qe4+
Kf8 21. Kb1 Qa6 22. Qd3 Qa5 23. Qd4 c5 $11 24. Qe4 f5 25. Qe5 Bg6 26. Rd7 f4+
27. e4 Bxe4+ 28. Qxe4 1-0

[Event "PSV Duisburg 1 - Düsseldorfer SK 1"]
[Site "Oberliga NRW 2014/2015"]
[Date "2014.10.05"]
[Round "2.6"]
[White "Kleff, Andre"]
[Black "Partenheimer, Axel"]
[Result "1/2-1/2"]
[WhiteElo "2108"]
[BlackElo "2069"]
[PlyCount "31"]
[EventDate "2014.??.??"]
[WhiteTeam "PSV Duisburg 1"]
[BlackTeam "Düsseldorfer SK 1"]

1. d4 d5 2. Bf4 Nf6 3. e3 c5 4. Nc3 cxd4 5. exd4 a6 6. h3 Nc6 7. Nf3 Bf5 8. Be2
h6 9. a3 e6 10. Ne5 Rc8 11. Nxc6 Rxc6 12. Bd3 Bxd3 13. Qxd3 Bd6 14. Bxd6 Qxd6
15. O-O O-O 16. Rae1 1/2-1/2

[Event "PSV Duisburg 1 - Düsseldorfer SK 1"]
[Site "Oberliga NRW 2014/2015"]
[Date "2014.10.05"]
[Round "2.7"]
[White "Mueller, Michael"]
[Black "Sponheim, Marko"]
[Result "1/2-1/2"]
[WhiteElo "2119"]
[BlackElo "2021"]
[Annotator "Hausrath,Daniel"]
[PlyCount "95"]
[EventDate "2014.??.??"]
[WhiteTeam "Düsseldorfer SK 1"]
[BlackTeam "PSV Duisburg 1"]

1. e4 c5 2. Nf3 d6 3. Bb5+ Nd7 4. O-O Ngf6 5. Re1 a6 6. Bf1 Ne5 7. Nxe5 dxe5 8.
a4 b6 9. d3 Bb7 10. Nd2 Qc7 11. Nc4 b5 12. axb5 axb5 13. Rxa8+ Bxa8 14. Ne3 e6
15. Ng4 Nd7 16. h3 Be7 17. d4 exd4 18. Bxb5 Bc6 19. Bf4 Qb7 20. Bxc6 Qxc6 21.
b3 f6 22. Qe2 O-O 23. Ra1 Ra8 24. Rxa8+ Qxa8 25. f3 Qa1+ 26. Qf1 Qxf1+ 27. Kxf1
e5 28. Bd2 c4 29. bxc4 Nb6 30. Ke2 Nxc4 31. Bc1 h5 32. Nf2 Kf7 33. Kd3 Nd6 34.
Nd1 Ke6 35. Nb2 Nb7 36. Na4 Nc5+ 37. Nxc5+ Bxc5 38. Kc4 Bd6 39. g4 hxg4 40.
hxg4 g6 $11 41. Kb5 f5 42. Bg5 fxe4 43. fxe4 Ba3 44. Kc6 Bb4 45. Bd8 Bd6 46.
Bb6 Be7 47. Bc5 Bd8 48. Bd6 1/2-1/2

[Event "PSV Duisburg 1 - Düsseldorfer SK 1"]
[Site "Oberliga NRW 2014/2015"]
[Date "2014.10.05"]
[Round "2.8"]
[White "Brueggemann, Josef"]
[Black "von Buenau, Heinrich"]
[Result "1/2-1/2"]
[WhiteElo "1971"]
[BlackElo "2149"]
[PlyCount "67"]
[EventDate "2014.??.??"]
[WhiteTeam "PSV Duisburg 1"]
[BlackTeam "Düsseldorfer SK 1"]

1. e4 e6 2. d3 c5 3. g3 Nc6 4. Bg2 g6 5. Nc3 Bg7 6. Nf3 Nge7 7. O-O O-O 8. Bg5
h6 9. Be3 Nd4 10. Qd2 Kh7 11. Rab1 d6 12. b4 Nec6 13. b5 Nxf3+ 14. Bxf3 Nd4 15.
Bg2 Qa5 16. Kh1 Nxc2 17. Qxc2 Bxc3 18. f4 e5 19. f5 g5 20. Qe2 Qd8 21. f6 Rg8
22. Rbc1 Ba5 23. Qh5 Rg6 24. g4 Be6 25. h4 gxh4 26. g5 Qd7 27. Qxh4 Rh8 28. Bf3
Kg8 29. gxh6 Kh7 30. Rg1 Rhg8 31. Bh5 Rxg1+ 32. Rxg1 Rxg1+ 33. Kxg1 Qe8 34. a4
1/2-1/2

[Event "Oberliga NRW"]
[Site "Würselen"]
[Date "2014.10.05"]
[Round "2"]
[White "Miedema, David"]
[Black "Docx, Stefan"]
[Result "0-1"]
[WhiteElo "2374"]
[BlackElo "2455"]
[PlyCount "44"]
[WhiteTeam "SG Porz 2"]
[BlackTeam "SV Würselen"]

1. d4 Nf6 2. c4 e6 3. Nc3 Bb4 4. Qc2 b6 5. e4 c5 6. d5 Qe7 7. Bd2 exd5 8. cxd5
Bxc3 9. Bxc3 Nxd5 10. Bxg7 Rg8 11. Bc3 Nxc3 12. bxc3 Bb7 13. f3 f5 14. e5 Nc6
15. f4 O-O-O 16. Nf3 d6 17. Bc4 Rgf8 18. O-O dxe5 19. Nxe5 Nxe5 20. fxe5 Qxe5
21. a4 Qe3+ 22. Qf2 Rd2 0-1

[Event "Oberliga NRW"]
[Site "Würselen"]
[Date "2014.10.05"]
[Round "2"]
[White "Cekro, Ekrem"]
[Black "Korotkjevich, Stanislav"]
[Result "1-0"]
[WhiteElo "2388"]
[BlackElo "2395"]
[PlyCount "147"]
[WhiteTeam "SV Würselen"]
[BlackTeam "SG Porz 2"]

1. c4 Nf6 2. Nc3 g6 3. g3 Bg7 4. Bg2 O-O 5. e4 d6 6. Nge2 c5 7. d4 Nc6 8. dxc5
dxc5 9. O-O Nd4 10. h3 Nd7 11. Rb1 Ne5 12. b3 Qa5 13. Nxd4 cxd4 14. Na4 b5 15.
Bd2 Qa6 16. cxb5 Qxb5 17. f4 Nd3 18. Rf3 Nb4 19. Bf1 Qb8 20. a3 Na6 21. Bc4 Nc7
22. Qf1 Be6 23. Bxe6 Nxe6 24. f5 Nd8 25. Rc1 Nb7 26. Qd3 Nd6 27. Bf4 Qb5 28. f6
Bxf6 29. e5 Bxe5 30. Qxb5 Nxb5 31. Bxe5 f6 32. Bf4 Rac8 33. Re1 e5 34. Bh6 Rf7
35. b4 Nd6 36. Nc5 Nf5 37. Bd2 Rc6 38. g4 Nd6 39. g5 Nc4 40. Bc1 f5 41. Rd3 Rd6
42. Nb3 Rfd7 43. Nd2 Nxd2 44. Rxd2 e4 45. Rc2 Kf7 46. Rc5 d3 47. Bd2 Ke6 48.
Kf2 Rd5 49. Rxd5 Kxd5 50. Rc1 Rd6 51. Rc5+ Ke6 52. a4 f4 53. Bxf4 d2 54. Bxd2
Rxd2+ 55. Ke3 Rh2 56. Kxe4 Rxh3 57. Rc6+ Kd7 58. Ra6 Rh4+ 59. Ke5 Rxb4 60.
Rxa7+ Ke8 61. Rxh7 Rxa4 62. Kf6 Ra6+ 63. Kg7 Ke7 64. Rh1 Re6 65. Rf1 Ke8 66.
Rf8+ Ke7 67. Rf6 Re1 68. Kxg6 Rg1 69. Kh6 Ke8 70. g6 Rg2 71. g7 Rh2+ 72. Kg6
Rg2+ 73. Kh7 Ke7 74. Rg6 1-0

[Event "Oberliga NRW"]
[Site "Würselen"]
[Date "2014.10.05"]
[Round "2"]
[White "Malykin, Vitaly"]
[Black "Beukema, Stefan"]
[Result "1/2-1/2"]
[WhiteElo "2388"]
[BlackElo "2291"]
[Annotator "Dr. Baier,Johannes"]
[PlyCount "111"]
[WhiteTeam "SG Porz 2"]
[BlackTeam "SV Würselen"]

1. Nf3 f5 2. d4 g6 3. g3 Bg7 4. Bg2 Nf6 5. O-O O-O 6. b3 Ne4 7. Bb2 d6 8. Nbd2
Nc6 9. c4 Nxd2 10. Qxd2 e5 11. d5 Nb8 12. e4 f4 13. Qc3 g5 14. Nd2 g4 15. f3
Qg5 16. fxg4 Bxg4 17. h3 Bd7 18. gxf4 Rxf4 19. Rxf4 Qxf4 20. Rf1 Qg5 21. c5 Na6
22. cxd6 cxd6 23. Nc4 Qg6 24. Rf3 Kh8 25. Rg3 Qf6 26. Qf3 Rf8 27. Qxf6 Rxf6 28.
Ba3 b5 29. Ne3 b4 30. Bb2 Nc5 31. Ng4 Rg6 32. Kh2 Bb5 33. Bc1 Bd3 34. a3 Bxe4
35. axb4 Bxg2 36. bxc5 Bxd5 37. cxd6 Rxd6 38. Bb2 e4 39. Bxg7+ Kxg7 40. b4 Bc6
41. Ra3 Rd2+ 42. Kg1 {(=)} h5 43. Rxa7+ Rd7 44. Rxd7+ Bxd7 45. Ne3 Bxh3 46. Kh2
Bd7 47. Kg3 Kf6 48. Kf4 Bc6 49. b5 Bb7 50. Nc4 h4 51. Nd2 h3 52. Nxe4+ Bxe4 53.
Kg3 Bg2 54. b6 Ke6 55. b7 Bxb7 56. Kxh3 1/2-1/2

[Event "Oberliga NRW"]
[Site "Würselen"]
[Date "2014.10.05"]
[Round "2"]
[White "Verstraeten, Reinaert"]
[Black "Peschlow, Patrick"]
[Result "1/2-1/2"]
[WhiteElo "2315"]
[BlackElo "2345"]
[PlyCount "73"]
[WhiteTeam "SV Würselen"]
[BlackTeam "SG Porz 2"]

1. e4 c5 2. Nf3 Nc6 3. d4 cxd4 4. Nxd4 e5 5. Nb5 d6 6. c4 Be7 7. N1c3 a6 8. Na3
f5 9. exf5 Bxf5 10. Bd3 Be6 11. O-O Nf6 12. Nc2 O-O 13. b3 Qd7 14. Ne3 Rae8 15.
Ne4 Nxe4 16. Bxe4 Bd8 17. Nd5 Bf5 18. Qd3 Nd4 19. Bb2 Bxe4 20. Qxe4 Ne6 21.
Rad1 Ng5 22. Qe2 e4 23. c5 Re6 24. Ne3 Qc6 25. Rxd6 Rxd6 26. cxd6 Qxd6 27. Rd1
Qg6 28. Qg4 h5 29. Qd7 Bb6 30. Ba3 Rf7 31. Qc8+ Kh7 32. Rd6 Rf6 33. Rxf6 Qxf6
34. Qf5+ Qxf5 35. Nxf5 Kg6 36. Nd6 e3 37. fxe3 1/2-1/2

[Event "Oberliga NRW"]
[Site "Würselen"]
[Date "2014.10.05"]
[Round "2"]
[White "Gallinnis, Norbert"]
[Black "Goossens, Etienne"]
[Result "1-0"]
[WhiteElo "2274"]
[BlackElo "2207"]
[PlyCount "151"]
[WhiteTeam "SG Porz 2"]
[BlackTeam "SV Würselen"]

1. e4 e5 2. Nf3 Nc6 3. Nc3 Nf6 4. g3 d5 5. exd5 Nd4 6. Bg2 Bg4 7. h3 Bxf3 8.
Bxf3 Nxf3+ 9. Qxf3 Qd7 10. d3 Bb4 11. Bd2 O-O-O 12. O-O-O Nxd5 13. Nxd5 Bxd2+
14. Kxd2 Qxd5 15. Qxd5 Rxd5 16. Rde1 f6 17. Re4 Rhd8 18. Rhe1 Rd4 19. Rxd4 Rxd4
20. c3 Rd5 21. Re4 Kd7 22. Rg4 g5 23. a4 b6 24. h4 h6 25. hxg5 hxg5 26. Re4 c5
27. b3 a6 28. Re1 b5 29. axb5 axb5 30. Ke3 Ke6 31. Ra1 Rd6 32. Ra5 Rb6 33. Ra8
g4 34. Rc8 b4 35. Rxc5 bxc3 36. Rxc3 Rb4 37. Kd2 f5 38. Kc2 Rb6 39. Rc4 Ra6 40.
Kb2 Kd5 41. b4 Rf6 42. Kc3 Ra6 43. Rc5+ Kd6 44. Ra5 Rc6+ 45. Kb2 Rb6 46. Kb3
Rc6 47. Ra1 Rb6 48. Rh1 Kd5 49. Rh5 Rf6 50. Rh8 f4 51. Rd8+ Kc6 52. Rg8 fxg3
53. fxg3 Rf3 54. Rxg4 Rxd3+ 55. Kc4 Rd6 56. b5+ Kb6 57. Re4 Rg6 58. g4 Rg5 59.
Kb4 Rg7 60. Kc4 Rg8 61. Kd5 Kxb5 62. Kxe5 Kc5 63. Kf6 Kd5 64. Ra4 Rf8+ 65. Kg7
Rf3 66. g5 Ke6 67. g6 Rg3 68. Rf4 Rg2 69. Rf1 Rg3 70. Kh7 Rg4 71. Rf2 Rg3 72.
Rf4 Ke5 73. Rf1 Ke6 74. g7 Rh3+ 75. Kg8 Rh4 76. Kf8 1-0

[Event "Oberliga NRW"]
[Site "Würselen"]
[Date "2014.10.05"]
[Round "2"]
[White "Weimann, Maximilian"]
[Black "Pauly, Carlo"]
[Result "0-1"]
[WhiteElo "2173"]
[BlackElo "2184"]
[Annotator "Dr. Baier,Johannes"]
[PlyCount "52"]
[WhiteTeam "SV Würselen"]
[BlackTeam "SG Porz 2"]

1. e4 c5 2. Nf3 d6 3. d4 cxd4 4. Nxd4 Nf6 5. Nc3 a6 6. g3 g6 7. Bg2 Bg7 8. O-O
O-O 9. a4 Nc6 10. Nde2 Rb8 11. Nd5 Nxd5 12. exd5 Na5 13. Ra2 e5 14. dxe6 fxe6
15. Bf4 e5 16. Be3 Nc6 17. a5 Be6 18. Bd5 Bxd5 19. Qxd5+ Kh8 20. Bb6 Qf6 21.
Qb3 e4 22. Nf4 Rbe8 23. Rd1 {(=)} Qf5 24. Qd5 Ne5 25. Qxd6 g5 26. Nh5 Qh3 {(ZÜ)
} 0-1

[Event "Oberliga NRW"]
[Site "Würselen"]
[Date "2014.10.05"]
[Round "2"]
[White "Wagenknecht, Uwe"]
[Black "Bien, Stefan"]
[Result "1-0"]
[WhiteElo "2195"]
[BlackElo "2116"]
[PlyCount "93"]
[WhiteTeam "SG Porz 2"]
[BlackTeam "SV Würselen"]

1. e4 c6 2. Nc3 d5 3. Nf3 Bg4 4. h3 Bxf3 5. Qxf3 e6 6. d4 Nf6 7. Bd3 Be7 8. e5
Nfd7 9. Qg3 g6 10. h4 h5 11. Bxg6 Qb6 12. Ne2 c5 13. Nf4 Nxe5 14. dxe5 fxg6 15.
Qxg6+ Kd7 16. Rh3 Na6 17. Rb3 Nb4 18. c3 Rag8 19. Qb1 c4 20. Rxb4 Bxb4 21. cxb4
Rg4 22. g3 Qxb4+ 23. Bd2 Qc5 24. Kf1 Rg7 25. Be3 Qb5 26. Ne2 Kc8 27. Nd4 Qa6
28. Kg1 Rhg8 29. Bg5 b5 30. Qd1 Qb6 31. b4 Rd7 32. a4 bxa4 33. Rxa4 Kb8 34. b5
Ka8 35. Be3 Qb8 36. Nc6 Qxb5 37. Rxa7+ Rxa7 38. Nxa7 Qb3 39. Qd4 Rg7 40. Nc6
Qb1+ 41. Kh2 Qb5 42. Qa1+ Kb7 43. Nd8+ Kc8 44. Nxe6 Rb7 45. Nd4 Qc5 46. Qa8+
Rb8 47. Qa6+ 1-0